000 00230nam a2200097Ia 4500
008 230508s2011 xx 000 0 und d
041 _aeng
100 _aAXELSON JAN
245 _aUSB COMPLETE
260 _bPENRAM INTERNATIONAL
_c2011
999 _c720765
_d720765